[Event "Kieler Open 2017-B"]
[Site "Kiel"]
[Date "2017.07.29"]
[Round "2.6"]
[White "Korte, Andreas"]
[Black "Zechel, Rolf-Rüdiger"]
[Result "1/2-1/2"]
[WhiteElo "1534"]
[BlackElo "1707"]
[Annotator "MB"]
[PlyCount "51"]
[WhiteTeam "Raisdorfer SG"]
[BlackTeam "SK Kaltenkirchen"]

1. c4 Nf6 2. g3 c5 3. Bg2 Nc6 4. Nc3 e6 5. e3 Be7 6. Nge2 O-O 7. O-O d5 8. d3
d4 9. exd4 Nxd4 10. Re1 Rb8 11. a4 b6 12. Bf4 Bd6 13. Nxd4 cxd4 14. Bxd6 Qxd6
15. Nb5 Qd7 16. Qd2 a6 17. Qf4 Bb7 18. Nxd4 Bxg2 19. Kxg2 Rbd8 20. Nc2 Qb7+ 21.
f3 Rxd3 22. Ra3 Rd7 23. Nd4 Rfd8 24. Rd3 h6 25. Red1 Ne8 26. Qe3 1/2-1/2

[Event "Kieler Open 2017-B"]
[Site "Kiel"]
[Date "2017.07.29"]
[Round "2.7"]
[White "Salwasser, Christian"]
[Black "Gerull, Dirk"]
[Result "1/2-1/2"]
[WhiteElo "1658"]
[BlackElo "1558"]
[Annotator "MB"]
[PlyCount "32"]
[WhiteTeam "SC Rastatt"]
[BlackTeam "VSF Flintbek"]

1. e4 d5 2. exd5 Qxd5 3. Nc3 Qd8 4. d4 c6 5. Bf4 Bf5 6. Bc4 e6 7. Qe2 Qb6 8.
O-O-O Nd7 9. d5 O-O-O 10. dxe6 Bxe6 11. Nf3 Ngf6 12. Nd4 Re8 13. Nxe6 Nc5 14.
Bc7 Qxc7 15. Nxc7 Rxe2 16. Nxe2 Kxc7 {Partieaufzeichnung nicht mehr lesbar!}
1/2-1/2

[Event "Kieler Open 2017-B"]
[Site "Kiel"]
[Date "2017.07.29"]
[Round "2.8"]
[White "Plichta, Hans-Reiner"]
[Black "Mandelkow, Lukas"]
[Result "1-0"]
[WhiteElo "1837"]
[BlackElo "1240"]
[Annotator "MB"]
[PlyCount "45"]
[WhiteTeam "Kieler SG"]
[BlackTeam "TuRa Harksheide"]

1. d4 Nf6 2. c4 e6 3. Nf3 b6 4. g3 Bb7 5. Bg2 d5 6. O-O Bd6 7. Nc3 O-O 8. cxd5
Nxd5 9. Re1 Nxc3 10. bxc3 c5 11. Bf4 f6 12. Bd2 e5 13. dxe5 fxe5 14. Ng5 Qd7
15. Qb3+ Kh8 16. Bh3 Qc6 17. f3 h6 18. Nf7+ Kh7 19. Bf5+ g6 20. Bxg6+ Kxg6 21.
Qe6+ Kh7 22. Qxh6+ Kg8 23. Qg6# 1-0

[Event "Kieler Open 2017-B"]
[Site "Kiel"]
[Date "2017.07.29"]
[Round "2.9"]
[White "Stolzenwald, Frank"]
[Black "Jung, Ingo"]
[Result "0-1"]
[WhiteElo "1448"]
[BlackElo "1648"]
[Annotator "MB"]
[PlyCount "106"]
[WhiteTeam "Hamburger SK"]
[BlackTeam "SG Kiel Ost"]

1. e4 d5 2. exd5 Qxd5 3. Qf3 Qa5 4. Bc4 Nf6 5. c3 c6 6. h3 Qe5+ 7. Qe3 Qxe3+ 8.
dxe3 Bf5 9. Nd2 e6 10. g4 Bg6 11. f3 Bd6 12. Ne2 Nbd7 13. O-O Nb6 14. Bb3 Bc5
15. Nc4 Nfd5 16. Nxb6 Bxb6 17. Bxd5 exd5 18. Nd4 O-O-O 19. Kg2 Rde8 20. Re1 h5
21. Bd2 hxg4 22. hxg4 Rh7 23. Rh1 Reh8 24. Rxh7 Rxh7 25. Rh1 Rxh1 26. Kxh1 Kd7
27. Nb3 Kd6 28. Kg2 c5 29. Nc1 Bc2 30. Ne2 Bd1 31. Ng3 g6 32. Nh1 d4 33. Nf2
Bc2 34. e4 dxc3 35. bxc3 c4 36. Nh3 Bd8 37. g5 Kc6 38. Kf2 Kb5 39. Ng1 Bb1 40.
a3 Ka4 41. Ne2 Kxa3 42. Be3 a5 43. Nd4 Kb2 44. Nb5 Be7 45. Ke2 a4 46. e5 a3 47.
Nxa3 Kxa3 48. f4 Kb3 49. Kd2 b5 50. Bd4 b4 51. cxb4 Bxb4+ 52. Kc1 Bf5 53. Be3
Ba3+ 0-1

[Event "Kieler Open 2017-B"]
[Site "Kiel"]
[Date "2017.07.29"]
[Round "2.10"]
[White "Koch, Ralf-Johannes"]
[Black "Rempe, Mieke"]
[Result "1-0"]
[WhiteElo "1787"]
[BlackElo "1393"]
[Annotator "MB"]
[PlyCount "43"]

1. e4 e5 2. Nc3 Nf6 3. g3 Nc6 4. Bg2 Be7 5. Nge2 O-O 6. O-O d6 7. h3 Be6 8. f4
exf4 9. Nxf4 Qd7 10. d4 Bc4 11. Nce2 Bxe2 12. Nxe2 Rfe8 13. c3 h6 14. Nf4 Nh7
15. h4 Nd8 16. Bh3 Qc6 17. Nd5 Bf6 18. Qg4 Kh8 19. Bxh6 Rg8 20. Bg5 Bxg5 21.
hxg5 Ne6 22. g6 1-0

[Event "Kieler Open 2017-B"]
[Site "Kiel"]
[Date "2017.07.29"]
[Round "2.11"]
[White "Bahr, Arne"]
[Black "Keir, Robin"]
[Result "1-0"]
[WhiteElo "1667"]
[BlackElo "1594"]
[Annotator "MB"]
[PlyCount "50"]

1. f4 d5 2. b3 Nf6 3. e3 c5 4. Nf3 Nc6 5. Bb5 a6 6. Bxc6+ bxc6 7. Bb2 Bf5 8.
O-O e6 9. Ne5 Qc7 10. g4 Bg6 11. d3 Be7 12. Nd2 O-O 13. Qf3 Rab8 14. c4 Rb7 15.
h4 h6 16. Nxg6 fxg6 17. g5 hxg5 18. hxg5 Nh5 19. Qg4 Qd7 20. Nf3 Bd6 21. Be5
Rf5 22. Bxd6 Qxd6 23. Nh4 d4 24. Nxg6 dxe3 25. Qxh5 Qd4 1-0

[Event "Kieler Open 2017-B"]
[Site "Kiel"]
[Date "2017.07.29"]
[Round "2.13"]
[White "Ebeling, Hans-Jürgen"]
[Black "Möller, Rainer"]
[Result "1-0"]
[WhiteElo "1584"]
[BlackElo "1414"]
[Annotator "MB"]
[PlyCount "60"]

1. e4 c5 2. Nc3 d6 3. f4 e6 4. Nf3 Nf6 5. Bb5+ Bd7 6. O-O a6 7. Be2 Nc6 8. d3
Be7 9. Qe1 O-O 10. Nd1 Nd4 11. Nxd4 cxd4 12. f5 exf5 13. exf5 Qb6 14. Kh1 Rae8
15. Qg3 Kh8 16. c3 Bd8 17. Qf2 dxc3 18. Nxc3 Qxf2 19. Rxf2 Bb6 20. Rf1 d5 21.
Bd1 Re5 22. g4 Bc6 23. Bf3 Nxg4 24. Bxg4 d4+ 25. Ne4 Bxe4+ 26. dxe4 Rxe4 27.
Bf3 Re7 28. Bd2 d3 29. Bb4 Rfe8 30. Bxe7 Rxe7 1-0

[Event "Kieler Open 2017-B"]
[Site "Kiel"]
[Date "2017.07.29"]
[Round "2.14"]
[White "Solodky, Willy"]
[Black "Müller, Bodo"]
[Result "1-0"]
[WhiteElo "1395"]
[BlackElo "1449"]
[Annotator "MB"]
[PlyCount "85"]

1. d4 d5 2. c4 c6 3. Nc3 Nf6 4. e3 dxc4 5. Bxc4 Bf5 6. Qb3 Qb6 7. Bxf7+ Kd8 8.
Qxb6+ axb6 9. f3 Bd7 10. Bb3 e6 11. Nge2 b5 12. e4 Bb4 13. O-O Na6 14. Rd1 Nc7
15. Be3 Re8 16. Rac1 Ke7 17. a3 Ba5 18. d5 exd5 19. Bc5+ Kd8 20. exd5 Kc8 21.
d6 Ne6 22. Bf2 Bd8 23. Nxb5 Kb8 24. Nbd4 Ra5 25. Nxe6 Bxe6 26. Bxe6 Rxe6 27.
Nf4 Re8 28. Kf1 g5 29. Ne2 Kc8 30. Nc3 Re6 31. a4 Nd5 32. Nxd5 Kd7 33. Nc3 Bf6
34. b3 Rxd6 35. Rxd6+ Kxd6 36. Ne4+ Ke6 37. Rc5 Rxc5 38. Nxc5+ Kd5 39. Nxb7 Bc3
40. Ke2 Bb4 41. Kd3 Ke6 42. Ke4 Be7 43. g4 1-0

[Event "Kieler Open 2017-B"]
[Site "Kiel"]
[Date "2017.07.29"]
[Round "2.16"]
[White "Rempe, Janne"]
[Black "Werner, René"]
[Result "0-1"]
[WhiteElo "1237"]
[BlackElo "1874"]
[Annotator "MB"]
[PlyCount "100"]

1. d4 d5 2. Nf3 Nf6 3. Bf4 g6 4. c3 Bg7 5. e3 O-O 6. Bd3 b6 7. O-O Nbd7 8. Nbd2
Bb7 9. Re1 c5 10. b3 Rc8 11. Nf1 c4 12. Bc2 cxb3 13. axb3 a5 14. Qd3 Ne4 15. c4
Ba6 16. N3d2 Ndf6 17. Qe2 Nxd2 18. Nxd2 Nh5 19. Bg5 Qc7 20. Bd3 Bb7 21. Rac1
Qd7 22. Nf3 f6 23. Bh4 e5 24. cxd5 Bxd5 25. Nd2 exd4 26. g4 dxe3 27. fxe3 g5
28. Bf2 Nf4 29. exf4 Rce8 30. Qd1 gxf4 31. Rxe8 Rxe8 32. Bxb6 Re1+ 33. Kf2 Rxd1
34. Rxd1 Qxg4 35. Rg1 Qh4+ 36. Kf1 Qh3+ 37. Ke2 Qxh2+ 38. Ke1 f3 39. Bd4 Kf7
40. Nf1 Qh4+ 41. Bf2 Qb4+ 42. Kd1 Bxb3+ 43. Bc2 Bxc2+ 44. Kxc2 Qc4+ 45. Kb1
Qb3+ 46. Kc1 Bh6+ 47. Nd2 Qc3+ 48. Kb1 Qxd2 49. Bg3 f2 50. Rh1 Qd3+ 0-1

[Event "Kieler Open 2017-B"]
[Site "Kiel"]
[Date "2017.07.29"]
[Round "2.17"]
[White "Limper, Cornelia"]
[Black "Howe, Dietrich"]
[Result "0-1"]
[WhiteElo "1295"]
[BlackElo "1508"]
[Annotator "MB"]
[PlyCount "85"]

1. d4 Nf6 2. Bf4 Nc6 3. e3 d6 4. c3 e6 5. Nd2 e5 6. Bg3 Be7 7. Be2 O-O 8. e4
exd4 9. cxd4 Nxd4 10. Nb3 c5 11. Bd3 Nxb3 12. Qxb3 Rb8 13. h3 Be6 14. Qd1 b5
15. Ne2 c4 16. Bc2 Qa5+ 17. Kf1 Qb6 18. Nd4 Bd7 19. Qd2 b4 20. Rb1 Rbc8 21. Bf4
c3 22. Qe3 Qa6+ 23. Kg1 Qxa2 24. Bd3 c2 25. Bxc2 Rxc2 26. Kh2 Rxb2 27. Rxb2
Qxb2 28. Re1 a5 29. Re2 Qb1 30. Nb3 a4 31. Nd2 Qc1 32. Qb6 Qc5 33. Qa6 Bb5 34.
Qb7 Bxe2 35. Qxe7 Ne8 36. f3 Qf2 37. Bg3 Qe3 38. Bxd6 Nxd6 39. Qxd6 b3 40. Nb1
Rc8 41. Na3 Qc5 42. e5 Qxd6 43. exd6 0-1

[Event "Kieler Open 2017-B"]
[Site "Kiel"]
[Date "2017.07.29"]
[Round "2.18"]
[White "Weck, Uwe"]
[Black "Salwasser, Andrej"]
[Result "1-0"]
[WhiteElo "1618"]
[BlackElo "1081"]
[Annotator "MB"]
[PlyCount "116"]

1. e4 e5 2. Nf3 Nc6 3. Bc4 Nf6 4. d3 Bc5 5. O-O O-O 6. c3 d6 7. Bb3 Bg4 8. h3
Bh5 9. Bg5 h6 10. Bh4 g5 11. Bg3 g4 12. hxg4 Bxg4 13. Nbd2 Nh5 14. Bh2 Kg7 15.
Qc2 Qf6 16. d4 exd4 17. cxd4 Nxd4 18. Nxd4 Qxd4 19. Nc4 Be6 20. Rad1 Qf6 21. e5
Qg5 22. exd6 c6 23. Qc3+ Kg8 24. Ne5 Bxb3 25. axb3 Bb6 26. Nd7 Rfd8 27. Nxb6
axb6 28. f4 Qf6 29. Qf3 Ng7 30. Qe2 Rxd6 31. Rxd6 Qxd6 32. f5 Qf6 33. Be5 Re8
34. Bxf6 Rxe2 35. Bc3 Nh5 36. Rf3 c5 37. Rh3 Nf4 38. Rxh6 Rxg2+ 39. Kf1 Kf8 40.
f6 Rg8 41. Rh4 Nd5 42. Ra4 Nc7 43. Be5 Na6 44. Re4 Ke8 45. Bc7+ Kd7 46. Re7+
Kc6 47. Be5 Rf8 48. Bf4 b5 49. Bh6 Rh8 50. Bg7 Rh7 51. Rxf7 Nc7 52. Rxc7+ Kxc7
53. f7 Rxg7 54. f8=Q Rg4 55. Qxc5+ Kb8 56. Qxb5 Rg8 57. Ke2 Rg2+ 58. Kd3 Rxb2
1-0

[Event "Kieler Open 2017-B"]
[Site "Kiel"]
[Date "2017.07.29"]
[Round "2.19"]
[White "Stegert, Jonas"]
[Black "Schwerdt, Karsten"]
[Result "1-0"]
[WhiteElo "1320"]
[BlackElo "951"]
[Annotator "MB"]
[PlyCount "79"]

1. e4 e5 2. Nf3 Nc6 3. Bc4 Be7 4. O-O d6 5. c3 h6 6. d4 Bf6 7. Re1 Qe7 8. Bb3
Na5 9. Ba4+ Bd7 10. Nbd2 Bxa4 11. Qxa4+ c6 12. Qxa5 Qd7 13. Qa4 b5 14. Qb3 Ne7
15. Nf1 Ng6 16. Ng3 Nh4 17. Nxh4 Bxh4 18. Nf5 Bf6 19. Qb4 O-O 20. Qxd6 Qb7 21.
Nxh6+ Kh7 22. dxe5 Rad8 23. Qc5 Be7 24. Qe3 f6 25. exf6 Bxf6 26. Ng4 Be7 27.
Qh3+ Kg8 28. Be3 Rf7 29. Rad1 Re8 30. Qg3 Kh7 31. Ne5 Rf6 32. Bg5 Re6 33. Bxe7
R6xe7 34. Qg6+ Kg8 35. Ng4 Re6 36. Qg5 Qc8 37. e5 a6 38. Nf6+ Kf8 39. Nxe8 Rxe8
40. e6 1-0

[Event "Kieler Open 2017-B"]
[Site "Kiel"]
[Date "2017.07.29"]
[Round "2.20"]
[White "Hogreve, Holger"]
[Black "Höfken, Fynn-Lukas"]
[Result "1-0"]
[WhiteElo "1496"]
[BlackElo "792"]
[Annotator "MB"]
[PlyCount "93"]

1. Nf3 d5 2. d4 Nc6 3. Bf4 Nf6 4. Nbd2 Bg4 5. h3 Bxf3 6. Nxf3 e6 7. e3 Bd6 8.
Bxd6 Qxd6 9. c3 O-O 10. Bd3 e5 11. dxe5 Nxe5 12. Nxe5 Qxe5 13. O-O c6 14. Re1
Rfe8 15. Qf3 Qh5 16. Qxh5 Nxh5 17. Rad1 g6 18. Be2 Nf6 19. c4 Red8 20. Rd2 Rd7
21. Red1 Rad8 22. a3 dxc4 23. Rxd7 Rxd7 24. Rxd7 Nxd7 25. Bxc4 Ne5 26. Be2 a6
27. f4 Nd7 28. Bg4 Nc5 29. b4 Nd3 30. Bc8 b6 31. Bxa6 Nb2 32. Kf2 f5 33. g4
Nd1+ 34. Kf3 Nc3 35. gxf5 gxf5 36. Bc8 c5 37. bxc5 bxc5 38. Bxf5 Na4 39. e4 c4
40. Be6+ Kg7 41. Bxc4 Nb6 42. Bb3 Nd7 43. a4 Nc5 44. Bc2 Na6 45. Bd1 h6 46. a5
Nc5 47. Be2 1-0

[Event "Kieler Open 2017-B"]
[Site "Kiel"]
[Date "2017.07.29"]
[Round "2.21"]
[White "Harting-Maas, Daniel"]
[Black "Steinbach, Julian"]
[Result "0-1"]
[WhiteElo "1346"]
[BlackElo "1274"]
[Annotator "MB"]
[PlyCount "72"]

1. e4 e5 2. Nf3 Nc6 3. Bb5 a6 4. Ba4 Nf6 5. Nc3 Bb4 6. O-O d6 7. a3 Bxc3 8.
dxc3 Nxe4 9. Be3 Nf6 10. Bxc6+ bxc6 11. Bg5 O-O 12. Re1 Bg4 13. Re4 Bf5 14. Rh4
h6 15. Bxf6 Qxf6 16. h3 e4 17. Qd4 exf3 18. Qxf6 gxf6 19. g3 Bxc2 20. Rf4 Rab8
21. b4 Rbe8 22. Rxf3 Re6 23. Ra2 Re1+ 24. Kh2 Be4 25. g4 Bxf3 26. Kg3 Bd5 27.
Rd2 Rfe8 28. Kf4 R1e2 29. Rd3 Rxf2+ 30. Kg3 Rf3+ 31. Rxf3 Bxf3 32. Kxf3 Kg7 33.
Kf4 Re1 34. Kg3 Re3+ 35. Kh4 Rxc3 36. a4 d5 0-1

[Event "Kieler Open 2017-B"]
[Site "Kiel"]
[Date "2017.07.29"]
[Round "2.24"]
[White "Schulze, Lukas"]
[Black "Röhl, Manfred"]
[Result "0-1"]
[WhiteElo "1408"]
[BlackElo "1781"]
[Annotator "MB"]
[PlyCount "72"]

1. Nf3 d5 2. c4 e6 3. g3 c6 4. Qc2 f5 5. d3 Nf6 6. Bg2 Be7 7. O-O O-O 8. Rd1
Qe8 9. Nbd2 Na6 10. a3 Bd7 11. e4 Rc8 12. e5 Ng4 13. Nb3 Qh5 14. Qe2 Nxh2 15.
Nfd4 Ng4 16. Nf3 Nc7 17. Be3 b6 18. c5 Rb8 19. Rac1 g5 20. Qd2 h6 21. cxb6 axb6
22. Nbd4 c5 23. Ne2 Na6 24. d4 Qg6 25. Qd3 Nxe3 26. Qxe3 Bb5 27. Nc3 Bc4 28.
Nd2 cxd4 29. Qf3 dxc3 30. Qxc3 b5 31. Nxc4 bxc4 32. Qc2 Kg7 33. Qa4 Nc5 34. Qc2
Nd3 35. Ra1 Rxb2 36. Qa4 Nxf2 0-1

[Event "Kieler Open 2017-B"]
[Site "Kiel"]
[Date "2017.07.30"]
[Round "3.1"]
[White "Gerigk, Daniel"]
[Black "Zielke, Bernd"]
[Result "1-0"]
[WhiteElo "1626"]
[BlackElo "1686"]
[Annotator "MB"]
[PlyCount "59"]

1. e4 e5 2. Nf3 Nf6 3. Bc4 Nxe4 4. Qe2 d5 5. Nxe5 Be6 6. d3 Nf6 7. Bb3 Be7 8.
Nd2 c6 9. Ndf3 Nfd7 10. Nd4 Nc5 11. Nxe6 Nxe6 12. c3 O-O 13. d4 Nd7 14. Bc2
Nxe5 15. Qxe5 Bf6 16. Qh5 g6 17. Qg4 Re8 18. O-O Nf8 19. f4 Bg7 20. f5 gxf5 21.
Bxf5 Ng6 22. Bg5 Qd6 23. h4 h6 24. Bd2 Re7 25. h5 Nf8 26. Rf3 Kh8 27. Rg3 f6
28. Bxh6 Qc7 29. Bf4 Qd8 30. h6 1-0

[Event "Kieler Open 2017-B"]
[Site "Kiel"]
[Date "2017.07.30"]
[Round "3.2"]
[White "Zechel, Rolf-Rüdiger"]
[Black "Kathage, Holger"]
[Result "1/2-1/2"]
[WhiteElo "1707"]
[BlackElo "1717"]
[Annotator "MB"]
[PlyCount "64"]
[WhiteTeam "SK Kaltenkirchen"]
[BlackTeam "VSF Flintbek"]

1. d4 Nf6 2. Nf3 g6 3. Bf4 d6 4. e3 Bg7 5. h3 O-O 6. Be2 c5 7. O-O cxd4 8. exd4
Qb6 9. Qc1 Nc6 10. c3 Bd7 11. Na3 Rac8 12. Nc4 Qd8 13. Bh6 Bf5 14. Bxg7 Kxg7
15. Ne3 Bd7 16. Bd3 a6 17. Qd2 Qc7 18. Bc2 Na5 19. Rfe1 Bc6 20. Qd1 Bxf3 21.
Qxf3 Nc6 22. Re2 b5 23. a3 Na5 24. Rae1 e6 25. Ng4 Nxg4 26. Qxg4 Nc4 27. Bd3
Nxb2 28. Rxb2 Qxc3 29. Qe2 Qxd4 30. Rd2 Qf6 31. a4 bxa4 32. Bxa6 Rfd8 1/2-1/2

[Event "Kieler Open 2017-B"]
[Site "Kiel"]
[Date "2017.07.30"]
[Round "3.3"]
[White "Jung, Ingo"]
[Black "Ebeling, Hans-Jürgen"]
[Result "1/2-1/2"]
[WhiteElo "1648"]
[BlackElo "1584"]
[Annotator "MB"]
[PlyCount "72"]
[WhiteTeam "SG Kiel Ost"]
[BlackTeam "Peiner SV"]

1. e4 b6 2. d4 Bb7 3. Bd3 e6 4. f3 Nh6 5. Ne2 f5 6. O-O g6 7. c4 Bg7 8. Nbc3 c6
9. Be3 O-O 10. Qd2 Nf7 11. Rad1 d6 12. b3 Nd7 13. a4 a5 14. Bc2 Nf6 15. Rfe1
Qc7 16. Nf4 Rfe8 17. Nd3 Rad8 18. Bb1 fxe4 19. Nxe4 d5 20. Nxf6+ Bxf6 21. c5
Ba6 22. cxb6 Qxb6 23. Nc5 Bc8 24. f4 Nd6 25. Bc2 Nb7 26. Nxb7 Qxb7 27. Qxa5 Bd7
28. Qd2 Be7 29. Qf2 Rf8 30. Qe2 Rc8 31. g3 Qb4 32. Qd2 Qb8 33. Qd3 c5 34. h4
cxd4 35. Bxd4 Bc5 36. Re2 e5 1/2-1/2

[Event "Kieler Open 2017-B"]
[Site "Kiel"]
[Date "2017.07.30"]
[Round "3.4"]
[White "Gerull, Dirk"]
[Black "Plichta, Hans-Reiner"]
[Result "0-1"]
[WhiteElo "1558"]
[BlackElo "1837"]
[Annotator "MB"]
[PlyCount "56"]
[WhiteTeam "VSF Flintbek"]
[BlackTeam "Kieler SG"]

1. d4 Nf6 2. Bf4 g6 3. e3 Bg7 4. Bd3 c5 5. c3 Nc6 6. Nf3 O-O 7. Qc2 Nh5 8. Bg3
cxd4 9. exd4 Qa5 10. Nbd2 d5 11. Nb3 Qa4 12. Qe2 Nxg3 13. hxg3 a6 14. O-O e6
15. Qd2 Ne7 16. Qg5 Qe8 17. Qe3 Nc6 18. a3 Qd8 19. Rad1 Qb6 20. Bc2 a5 21. Rb1
e5 22. Qd2 e4 23. Ne5 Ne7 24. f3 Bxe5 25. fxe4 dxe4 26. Kh1 Bxg3 27. Qe3 Bb8
28. Qxe4 Nf5 0-1

[Event "Kieler Open 2017-B"]
[Site "Kiel"]
[Date "2017.07.30"]
[Round "3.5"]
[White "Sowa, Kay"]
[Black "Koch, Ralf-Johannes"]
[Result "1-0"]
[WhiteElo "1713"]
[BlackElo "1787"]
[Annotator "MB"]
[PlyCount "75"]
[WhiteTeam "SK Doppelbauer Kiel"]
[BlackTeam "Eckernförder SC"]

1. d4 Nf6 2. Bf4 g6 3. Nc3 Bg7 4. e4 d6 5. Qd2 c6 6. O-O-O O-O 7. Bh6 Qa5 8. h4
Bxh6 9. Qxh6 Ng4 10. Qd2 h5 11. f3 Nf6 12. Be2 Kg7 13. Nh3 b5 14. Rdg1 b4 15.
Nb1 Be6 16. a3 Na6 17. g4 Rh8 18. gxh5 Nxh5 19. f4 Nf6 20. Ng5 Ba2 21. f5 Qb6
22. fxg6 bxa3 23. Nxa3 Rab8 24. c3 fxg6 25. h5 c5 26. Nc4 Bxc4 27. Bxc4 Nc7 28.
h6+ Kf8 29. e5 d5 30. Bd3 cxd4 31. exf6 exf6 32. Nf3 dxc3 33. Qxc3 Na6 34. Rxg6
d4 35. Nxd4 Nc5 36. Rxf6+ Qxf6 37. Qxc5+ Kf7 38. Qc7+ 1-0

[Event "Kieler Open 2017-B"]
[Site "Kiel"]
[Date "2017.07.30"]
[Round "3.6"]
[White "Fuhrmann, Bahne"]
[Black "Bahr, Arne"]
[Result "1/2-1/2"]
[WhiteElo "1508"]
[BlackElo "1667"]
[Annotator "MB"]
[PlyCount "95"]
[WhiteTeam "Hamburger SK"]
[BlackTeam "SG Turm Kiel"]

1. e4 g6 2. d4 Nf6 3. Nc3 d5 4. e5 Nh5 5. g4 Ng7 6. h3 h5 7. Bg2 c6 8. f3 e6 9.
Be3 Nd7 10. Qd2 Be7 11. O-O-O c5 12. Nge2 Qa5 13. Nf4 Nb6 14. dxc5 Nc4 15. Qd4
Nxe3 16. Qxe3 Bxc5 17. Qd3 Qa6 18. Qb5+ Qxb5 19. Nxb5 Be3+ 20. Kb1 Bxf4 21.
Nc7+ Ke7 22. Nxa8 Bxe5 23. Rhe1 Bg3 24. Re2 Bd7 25. Rxd5 Rxa8 26. Rd4 e5 27. f4
Ne6 28. Rxe5 hxg4 29. hxg4 Bc6 30. Bxc6 bxc6 31. Re2 Rh8 32. a3 Rd8 33. Ra4 Kf6
34. Rxa7 Bxf4 35. Ra6 Rd6 36. Re4 Kg5 37. Rc4 Rd1+ 38. Ka2 c5 39. Ra7 Kxg4 40.
Rxf7 g5 41. Re7 Kf5 42. a4 g4 43. Rxe6 Kxe6 44. Rxf4 Rd4 45. Rf1 Rxa4+ 46. Kb3
Re4 47. Rg1 Kf5 48. c3 1/2-1/2

[Event "Kieler Open 2017-B"]
[Site "Kiel"]
[Date "2017.07.30"]
[Round "3.7"]
[White "Korte, Andreas"]
[Black "Schwerdt, Alwin Elias"]
[Result "0-1"]
[WhiteElo "1534"]
[BlackElo "1553"]
[Annotator "MB"]
[PlyCount "68"]
[WhiteTeam "Raisdorfer SG"]
[BlackTeam "SV Bad Schwartau"]

1. c4 c5 2. g3 g6 3. Bg2 Bg7 4. Nc3 Nc6 5. e3 d6 6. Nge2 Nf6 7. O-O O-O 8. d3
Bd7 9. Rb1 Rb8 10. b3 a6 11. a4 Qc8 12. e4 Re8 13. Bb2 Bh3 14. Nd5 Nxd5 15.
cxd5 Bxg2 16. Kxg2 Bxb2 17. Rxb2 Ne5 18. f4 Ng4 19. Qd2 b5 20. h3 Nf6 21. Ra2
Qb7 22. f5 Rec8 23. fxg6 hxg6 24. Qg5 bxa4 25. bxa4 Qb3 26. Qd2 c4 27. Nf4 cxd3
28. Nxg6 fxg6 29. Rxf6 exf6 30. Kf3 Rc2 31. Qh6 d2+ 32. Kf4 Qf3+ 33. Kxf3 d1=Q+
34. Kf4 Qd2+ 0-1

[Event "Kieler Open 2017-B"]
[Site "Kiel"]
[Date "2017.07.30"]
[Round "3.8"]
[White "Kreutz, Ralf"]
[Black "Salwasser, Christian"]
[Result "1-0"]
[WhiteElo "1666"]
[BlackElo "1658"]
[Annotator "MB"]
[PlyCount "53"]

1. e4 e5 2. Nf3 Nc6 3. Bc4 Bc5 4. O-O Nf6 5. d4 Bxd4 6. Nxd4 Nxd4 7. f4 Nc6 8.
Bxf7+ Kf8 9. Bb3 d6 10. fxe5 Nxe5 11. Nc3 h6 12. Bf4 Bg4 13. Qd2 Ng6 14. Nd5
Nxd5 15. Qxd5 Qd7 16. Bg5+ Ke8 17. Qxb7 Rc8 18. Bf7+ Kf8 19. Be6+ Ke8 20. Bxd7+
Kxd7 21. Qb5+ Ke6 22. Qd5+ Kd7 23. Qf7+ Kc6 24. Qxg6 Rce8 25. Bf4 Rhf8 26. Qxg4
Rxe4 27. Qf3 1-0

[Event "Kieler Open 2017-B"]
[Site "Kiel"]
[Date "2017.07.30"]
[Round "3.9"]
[White "Werner, René"]
[Black "Solodky, Willy"]
[Result "1-0"]
[WhiteElo "1874"]
[BlackElo "1395"]
[Annotator "MB"]
[PlyCount "152"]

1. c4 e6 2. g3 d5 3. cxd5 exd5 4. Nf3 Nf6 5. Bg2 Nbd7 6. d4 Be7 7. Nc3 c6 8.
O-O O-O 9. a3 Re8 10. b4 a6 11. Qc2 Bd6 12. Re1 Ne4 13. Nxe4 dxe4 14. Ng5 Nf6
15. Nxe4 Nxe4 16. Bxe4 g6 17. Bg2 Bf8 18. Bb2 Bg7 19. Rad1 Bf5 20. e4 Be6 21.
d5 cxd5 22. Bxg7 Kxg7 23. exd5 Bf5 24. Qc3+ Qf6 25. Qxf6+ Kxf6 26. Rxe8 Rxe8
27. f4 Rd8 28. Kf2 Rd6 29. Ke3 Ke7 30. Kd4 f6 31. Rc1 Kd7 32. Rc5 h5 33. h4 Bg4
34. Bf1 Be6 35. Bg2 Bf5 36. a4 Rb6 37. Kc4 Kd6 38. Bf1 Kd7 39. a5 Rd6 40. Kd4
b6 41. axb6 Rxb6 42. Kc4 Kd6 43. Bg2 Bd7 44. Kc3 Rb5 45. Rc4 Rb6 46. Rd4 Rb5
47. Bf1 Rb6 48. Bc4 Bf5 49. Bb3 Bd7 50. Kb2 Bf5 51. Ba4 Bg4 52. Be8 Bf5 53. Kc3
Ke7 54. Bc6 Kd6 55. Rd2 Rb8 56. Ra2 Rb6 57. Re2 Rb8 58. Kc4 Bg4 59. Re8 Rxe8
60. Bxe8 Bf5 61. Bc6 Bc8 62. Kd4 Bg4 63. Ba4 Bf5 64. Bb3 Bc8 65. Bc2 f5 66. Ba4
Bb7 67. Be8 Bxd5 68. Bxg6 Bf3 69. Bxf5 Bd1 70. Bd3 Ke6 71. Bxa6 Kf6 72. Bd3 Bg4
73. b5 Ke6 74. Kc5 Kd7 75. Be4 Kc8 76. b6 Kb8 1-0

[Event "Kieler Open 2017-B"]
[Site "Kiel"]
[Date "2017.07.30"]
[Round "3.10"]
[White "Günther, Emil"]
[Black "Weck, Uwe"]
[Result "1-0"]
[WhiteElo "1610"]
[BlackElo "1618"]
[Annotator "MB"]
[PlyCount "75"]

1. d4 Nf6 2. Nf3 e6 3. c4 d5 4. Nc3 g6 5. Bg5 c6 6. e3 h6 7. Bh4 g5 8. Bg3 Bb4
9. Qb3 Bxc3+ 10. bxc3 Ne4 11. Bd3 Nxg3 12. hxg3 Nd7 13. Ke2 Qb6 14. Nxg5 Qxb3
15. axb3 Ke7 16. Nf3 f5 17. Rh4 Nf6 18. Ne5 Rh7 19. Rah1 h5 20. Ng6+ Kf7 21.
Nf4 Bd7 22. Nxh5 dxc4 23. bxc4 Ng4 24. f3 Nh6 25. g4 Rg8 26. Nf4 Rhg7 27. Rxh6
fxg4 28. fxg4 Rxg4 29. Rh7+ R8g7 30. Rxg7+ Rxg7 31. Rh7 b6 32. Rxg7+ Kxg7 33.
Ng6 a5 34. Bc2 b5 35. Ne5 Be8 36. Kd2 a4 37. Kc1 Kf6 38. Kb2 1-0

[Event "Kieler Open 2017-B"]
[Site "Kiel"]
[Date "2017.07.30"]
[Round "3.11"]
[White "Viol, Joshua"]
[Black "Stegert, Jonas"]
[Result "1-0"]
[WhiteElo "1612"]
[BlackElo "1320"]
[Annotator "MB"]
[PlyCount "69"]

1. e4 e6 2. d3 d5 3. Nd2 dxe4 4. Nxe4 Bd7 5. Nf3 Bc6 6. Bf4 Nd7 7. g3 Ngf6 8.
Qe2 Nxe4 9. dxe4 Nf6 10. e5 Nh5 11. Bd2 g6 12. O-O-O Qd5 13. Bg2 Qxa2 14. Bg5
h6 15. Qd3 hxg5 16. Nxg5 Qa1+ 17. Kd2 Qa5+ 18. Kc1 Bd5 19. c4 Qa1+ 20. Kc2 Qa4+
21. b3 Qa2+ 22. Kc3 a5 23. cxd5 Bb4+ 24. Kc4 b5+ 25. Kxb5 c6+ 26. dxc6 O-O 27.
c7 Qxf2 28. Bxa8 Qc5+ 29. Ka4 Qxc7 30. Bf3 Qe7 31. Bxh5 Rb8 32. Bxg6 Qxg5 33.
Bxf7+ Kxf7 34. Qh7+ Qg7 35. Rd7+ 1-0

[Event "Kieler Open 2017-B"]
[Site "Kiel"]
[Date "2017.07.30"]
[Round "3.12"]
[White "Steinbach, Julian"]
[Black "Paolella, Finnley"]
[Result "0-1"]
[WhiteElo "1274"]
[BlackElo "1633"]
[Annotator "MB"]
[PlyCount "52"]

1. e4 e5 2. Nf3 Nc6 3. Bc4 Bc5 4. d3 h6 5. Nc3 Nf6 6. O-O d6 7. h3 Na5 8. Bb3
Nxb3 9. axb3 c6 10. Be3 Bb6 11. d4 exd4 12. Bxd4 Bxd4 13. Qxd4 c5 14. Qd3 O-O
15. Rfd1 b6 16. e5 Ne8 17. exd6 Be6 18. Ne5 Nf6 19. Nb5 Nd5 20. Qf3 a6 21. Nc3
Nf6 22. Ne4 Nd5 23. c4 Nb4 24. Nd3 Nc2 25. Rac1 Nd4 26. Qg3 Ne2+ 0-1

[Event "Kieler Open 2017-B"]
[Site "Kiel"]
[Date "2017.07.30"]
[Round "3.13"]
[White "Mandelkow, Lukas"]
[Black "Schulze, Lukas"]
[Result "0-1"]
[WhiteElo "1240"]
[BlackElo "1408"]
[Annotator "MB"]
[PlyCount "72"]

1. d4 Nf6 2. e3 c5 3. c3 d5 4. Bd3 Qc7 5. f4 g6 6. Nf3 Bg7 7. O-O O-O 8. Qe1
Nbd7 9. Nbd2 Nb6 10. Ne5 Na4 11. Qg3 Nd7 12. Ndf3 Nf6 13. Ng5 Nh5 14. Qh4 f6
15. Nxg6 fxg5 16. Qxh5 hxg6 17. Bxg6 Rf6 18. fxg5 Rxf1+ 19. Kxf1 e5 20. Bh7+
Kf8 21. Qf3+ Qf7 22. Bc2 Bd7 23. g6 Qxf3+ 24. gxf3 cxd4 25. cxd4 exd4 26. e4
dxe4 27. Bxe4 Nc5 28. Bd5 Bc6 29. Bxc6 bxc6 30. b3 d3 31. Rb1 Rd8 32. Ba3 Bd4
33. h4 Kg7 34. h5 Ne6 35. Bb2 Bxb2 36. Rxb2 d2 0-1

[Event "Kieler Open 2017-B"]
[Site "Kiel"]
[Date "2017.07.30"]
[Round "3.14"]
[White "Dao, Joerg"]
[Black "Hogreve, Holger"]
[Result "0-1"]
[WhiteElo "1489"]
[BlackElo "1496"]
[Annotator "MB"]
[PlyCount "104"]

1. h4 d5 2. d4 Nf6 3. Bg5 Nbd7 4. c3 c6 5. b4 h6 6. Bc1 e6 7. Nh3 Bd6 8. Bf4 e5
9. dxe5 Nxe5 10. e3 Bf5 11. f3 Nh5 12. g4 Qxh4+ 13. Nf2 Qe7 14. Rxh5 Bg6 15.
Rh1 h5 16. Bxe5 Bxe5 17. Qd2 Bg3 18. Ke2 h4 19. Nd1 Rd8 20. a4 Rd6 21. Qd4 Be5
22. Qxa7 d4 23. Qc5 d3+ 24. Kd2 Bf6 25. Na3 Qe6 26. Qc4 Qe7 27. f4 Be4 28. Rh3
g5 29. f5 O-O 30. a5 Bd5 31. Qc5 Rb8 32. Nc4 Bxc4 33. Qxc4 b5 34. Qc5 Rbd8 35.
Bg2 Qc7 36. a6 Ra8 37. Ra5 Ra7 38. Nb2 Be7 39. Qe5 f6 40. Be4 fxe5 41. Nxd3 Qb6
42. Ke2 Rxa6 43. Rxa6 Qxa6 44. Nxe5 Qa2+ 45. Kf3 Bf6 46. Nxc6 Bxc3 47. Ne7+ Kg7
48. Rh1 Qd2 49. Rb1 h3 50. Rg1 Qh2 51. Rg3 Qh1+ 52. Ke2 Rd2# 0-1